000 00280nam a2200109Ia 4500
008 200302s9999 xx 000 0 und d
100 _awilliam I. R. Curtis
245 _aModern Architecture Sicnce 1900 3rd ed.,
260 _bPhaidon Press Ltd.
260 _c1996
300 _a736 P.,
999 _c3111
_d3111